| 000 | 01112cac a22003255a 4500 | ||
|---|---|---|---|
| 008 | 150817t2007 n a|a|| |||| 001 0 eng d | ||
| 010 | _a 2006037202 | ||
| 020 | _a0131496700 | ||
| 020 | _a9780131496705 | ||
| 035 | _a(OCoLC)ocm76074261 | ||
| 035 | _a(OCoLC)76074261 | ||
| 040 |
_aEG-ScBUE _beng _cEG-ScBUE |
||
| 082 | 0 | 4 |
_a006.6 _bHIL _222 |
| 100 | 1 |
_aHill, Francis S. _93729 |
|
| 245 | 1 | 0 |
_aComputer graphics : _busing OpenGL / _cF.S. Hill and Stephen M. Kelley. |
| 250 | _a3rd ed. | ||
| 260 |
_aUpper Saddle River, New Jersey : _bPearson Prentice Hall / Pearson Education, Inc., _cc.2007. |
||
| 300 |
_axxii, 778 p. : _bill. ; _c26 cm. |
||
| 500 | _aIndex : p. 771-778. | ||
| 504 | _aIncludes bibliographical references. | ||
| 590 | _aDoha Reviewed by: Wessam | ||
| 650 | 0 |
_aComputer graphics. _2BUEsh |
|
| 650 | 0 |
_aOpenGL _2BUEsh |
|
| 651 | _2BUEsh | ||
| 653 | _bCOMSCI | ||
| 655 |
_vreading book _934232 |
||
| 700 | 1 |
_aKelley, Stephen M., _d1980- _932571 |
|
| 856 | 4 | 1 |
_3Table of contents only _uhttp://www.loc.gov/catdir/toc/ecip074/2006037202.html |
| 942 |
_cBB _k006.6 HIL _2ddc |
||
| 999 |
_c7755 _d7755 |
||